| 000 | 00859cam a22002413a 4500 | ||
|---|---|---|---|
| 001 | 35870 | ||
| 003 | PGUSA | ||
| 005 | 20140828083754.0 | ||
| 008 | 110414s2011||||xxu|||||s|||||000 | eng d | ||
| 040 |
_aPGUSA _beng |
||
| 042 | _adc | ||
| 100 | 1 |
_aGrant-Suttie, George, _d1797-1878 |
|
| 245 | 1 | 0 |
_aLetter to the Right Honourable Lord Viscount Melbourne on the Cause of the Higher Average Price of Grain in Britain than on the the Continent _h[electronic resource] / _cGeorge Grant-Suttie |
| 260 |
_bProject Gutenberg, _c2011 |
||
| 506 | _aPublic domain in the USA. | ||
| 516 | _aElectronic text | ||
| 653 | _aCorn laws (Great Britain) | ||
| 653 | _aGreat Britain -- Economic conditions | ||
| 653 | _aMelbourne, William Lamb, Viscount, 1779-1848 | ||
| 830 | 0 |
_aProject Gutenberg _v35870 |
|
| 856 | 4 | 0 | _uhttp://www.gutenberg.org/ebooks/35870 |
| 942 | _cEB | ||
| 999 |
_c265125 _d265125 |
||